Statistics for Title in the Lyrics -- Songs From 2007

Click here to take the quiz!

General Stats

  • This quiz has been taken 347 times
  • The average score is 8 of 15

Answer Stats

LyricsTitle% Correct
Now that it's raining more than ever / Know that we'll still have each other / You can stand under my ________ / You can stand under my ________Umbrella
92%
Hey, hey / You, you / I don't like your __________ / No way, no way / I think you need a new oneGirlfriend
86%
They tried to make me go to _____ / I said, no, no, noRehab
80%
___ _____ _______ / What's it like in New York city? / I'm a thousand miles away / But girl, tonight you look so prettyHey There Delilah
76%
**** all these _________ _____ / They only wanna do you dirt / They'll have you suicidal, suicidal / When they say it's overBeautiful Girls
66%
And I'm gonna miss you like a child misses their blanket / But I've got to get a move on with my life / It's time to be a big girl now / And ___ _____ ____ ___Big Girls Don't Cry
61%
Now watch me you / (_____ ____ soulja boy)Crank That
61%
Well I'm going ____ / Back to the place where I belong / And where your love has always been enough for meHome
61%
I took a Louisville slugger to both headlights / Slashed a hole in all four tires / Maybe next time he'll think ______ __ ______Before He Cheats
52%
You must not know 'bout me / You must not know 'bout me / I'll have another you by tomorrow / So don't you ever for a second get to thinking you're _____________Irreplaceable
47%
I see you windin' and grindin' up on the floor / I know you see me lookin' at you and you already know / _ _____ ____ ___I Wanna Love You
33%
Party like a rock / _____ ____ _ ________ / Party like a rock / _____ ____ _ ________Party Like a Rockstar
28%
Livin' my life / In the fast lane / And I won't change / For the _________, oh the flossy flossyGlamorous
21%
We just feel like we don't have the means / To rise above and beat it / So we keep waiting (waiting) / _______ __ ___ _____ __ ______Waiting on the World to Change
17%
When darkness turns to light / __ ____ _______ / __ ____ _______It Ends Tonight
11%

Score Distribution

Percentile by Number Answered

Percent of People with Each Score

Your Score History

You have not taken this quiz